Régles minima pour la protection des détenus non-délinquantis

Guardat en:
Dades bibliogràfiques
Autor corporatiu: Comité Internacional de la Cruz Roja (Autor)
Format: Llibre
Idioma:francès
Publicat: Ginebra Comité Internacional de la Cruz Roja 1968
Matèries:
Etiquetes: Afegir etiqueta
Sense etiquetes, Sigues el primer a etiquetar aquest registre!

MARC

LEADER 00000nam a2200000 a 4500
001 UCT9543
003 CL-VaPUC
008 970404e19680000SZ |||||||||||||||||fre|d
082 0 4 |a 341.6  |b COM  |2 21 
110 2 |a Comité Internacional de la Cruz Roja  |e author  |9 382353 
245 1 0 |a Régles minima pour la protection des détenus non-délinquantis 
300 |a 14 p 
942 |c BK 
945 |d 19970404 00:00:00  |a lriquelm 
260 |a Ginebra  |b Comité Internacional de la Cruz Roja  |c 1968 
500 |a Extrait de la Revue Internationale de la Croix-Rouge, Genève, février 1968 
650 0 |a Derecho internacional  |9 255637 
650 0 |a Derechos humanos  |9 223025 
650 7 |a DETENCION  |2 CL-VaPUC  |9 351076 
650 7 |a DETENCION PROVISIONAL  |2 CL-VaPUC  |9 382354 
583 |a last modification  |c 19970404 00:00:00  |k Rodrigo Vera 
999 |c 257935  |d 257933 
952 |0 0  |1 0  |2 ddc  |4 0  |6 341_600000000000000_COM_1968  |7 0  |8 A  |9 281660  |a BIBDER  |b BIBDER  |d 2019-11-19  |i 1825070  |o 341.6 COM 1968  |p 1825070  |r 2023-01-25  |w 2019-11-19  |y MX  |k DER